000 00558nam a2200217Ia 4500
003 OSt
005 20220928140445.0
006 a|||||r|||| 00| 0
007 ta
008 220927b |||||||| |||| 00| 0 eng d
024 _a8487
037 _cTextual
040 _aSDCL
_cSDCL
_beng
041 _2eng
_aeng
082 _aO-,3M73:g(W), M1
100 _aGreen Robert
_9495228
245 0 _aFord madox ford
_b Prose and politics.
260 _c1981
942 _hO-,3M73:g(W), M1
_cTEXL
_2CC
999 _c811388
_d811388